Wikonomics alebo koľko úderov do klávesnice je potrebných na zmenu sveta?

Kooperatívna sila internetu, Wikipédia, otvorená encyklopédia projektov. Wikinomika ako ekonomika, kde môžu kooperovať kvalifikovaní experti a založiť si na tejto kooperácii vlastnú úspešnosť. Využívanie internetu z pohľadu stratégie novej ekonomiky.

Saved in:
Bibliographic Details
Main Author: Williams, Anthony D.
Format: Book Chapter
Language:Slovak
Subjects:
Tags: Add Tag
No Tags, Be the first to tag this record!

MARC

LEADER 00000naa a2200000 4500
001 0121892
005 20231005102512.4
041 0 |a slo 
044 |a SK 
245 1 0 |a Wikonomics alebo koľko úderov do klávesnice je potrebných na zmenu sveta?  |c Anthony D. Williams 
520 |a Kooperatívna sila internetu, Wikipédia, otvorená encyklopédia projektov. Wikinomika ako ekonomika, kde môžu kooperovať kvalifikovaní experti a založiť si na tejto kooperácii vlastnú úspešnosť. Využívanie internetu z pohľadu stratégie novej ekonomiky. 
610 2 0 |a internet 
610 2 0 |a technológie informačné 
610 2 0 |a technológie komunikačné 
610 2 0 |a služby digitálne 
610 2 0 |a komunikácia elektronická 
610 2 0 |a vzdelávanie elektronické 
610 2 0 |a systémy znalostné 
610 2 0 |a spoločnosť vedomostná 
100 1 |a Williams, Anthony D.